[Event "EU-ch (Women) 24th"]
[Site "Rhodes"]
[Date "2024.04.29"]
[Round "10"]
[White "Mihailidou, Magdalini"]
[Black "Sanchez Ruiz, Piedad Esmeralda"]
[Result "1-0"]
[WhiteElo "1915"]
[BlackElo "1806"]
[PlyCount "33"]
[EventDate "2024.04.19"]
[EventType "swiss"]
[EventRounds "10"]
[EventCountry "GRE"]
[SourceTitle "CB18_2024"]
[SourceDate "2024.05.01"]
[SourceVersion "1"]
[SourceVersionDate "2024.05.01"]
[SourceQuality "2"]

1. e4 c5 2. Nf3 e6 3. d4 cxd4 4. Nxd4 a6 5. c4 Qc7 6. a3 Nf6 7. Nc3 Be7 8. Be3 d6 9. Be2 Bd7 10. f4 Nc6 11. b4 0-0 12. 0-0 Rfd8 13. Rc1 b6 14. Nd5 Qb7 15. Nxe7+ Nxe7 16. e5 dxe5 17. Bf3 1-0

[Event "EU-ch (Women) 24th"]
[Site "Rhodes"]
[Date "2024.04.27"]
[Round "8"]
[White "Bluebaum, Johanna"]
[Black "Sanchez Ruiz, Piedad Esmeralda"]
[Result "1-0"]
[WhiteElo "1977"]
[BlackElo "1806"]
[PlyCount "109"]
[EventDate "2024.04.19"]
[EventType "swiss"]
[EventRounds "10"]
[EventCountry "GRE"]
[SourceTitle "CB18_2024"]
[SourceDate "2024.05.01"]
[SourceVersion "1"]
[SourceVersionDate "2024.05.01"]
[SourceQuality "2"]

1. d4 d5 2. c4 e6 3. Nc3 Nf6 4. cxd5 exd5 5. Bg5 c6 6. e3 Be7 7. Bd3 0-0 8. Nge2 Re8 9. Qc2 Nbd7 10. 0-0 Nf8 11. Rad1 g6 12. f3 Ne6 13. Bh4 Nh5 14. Bxe7 Rxe7 15. Qd2 b5 16. Bc2 b4 17. Na4 Ba6 18. Rf2 Bxe2 19. Rxe2 a5 20. Rf2 Rc8 21. Bb3 Nf6 22. Rc1 Ra7 23. Qd1 Nd7 24. e4 Nf6 25. e5 Ne8 26. f4 N8g7 27. g4 Rac7 28. Kh1 h5 29. Nc5 Qh4 30. Qd2 hxg4 31. Rg1 Nf5 32. Rfg2 g3 33. Nxe6 fxe6 34. Rxg3 Nxg3+ 35. Rxg3 Rg7 36. Bd1 Rf8 37. Bg4 Kf7 38. Qe2 Rh8 39. Rh3 Qxh3 40. Bxh3 Rxh3 41. Qa6 Rhh7 42. Qb7+ Kf8 43. Qc8+ Ke7 44. Qc7+ Kf8 45. Qd8+ Kf7 46. Qf6+ Kg8 47. Qxe6+ Kf8 48. Qd6+ Kg8 49. Qe6+ Kf8 50. Qf5+ Kg8 51. Qc2 Rh4 52. Qf2 Rgh7 53. f5 Kf7 54. Qf4 R7h6 55. e6+ 1-0

[Event "ESP-ch FEDC 27th"]
[Site "Almunecar"]
[Date "2018.11.30"]
[Round "5"]
[White "Becerro Rio, Esteban"]
[Black "Sanchez Ruiz, Piedad Esmeralda"]
[Result "0-1"]
[WhiteElo "1174"]
[BlackElo "1685"]
[PlyCount "40"]
[EventDate "2018.11.26"]
[EventType "swiss"]
[EventRounds "8"]
[EventCountry "ESP"]
[SourceTitle "EXT 2024"]
[Source "ChessBase"]
[SourceDate "2023.10.10"]
[SourceVersion "1"]
[SourceVersionDate "2023.10.10"]
[SourceQuality "1"]

1. e3 Nf6 2. b3 e5 3. Bb2 Nc6 4. d3 Be7 5. g3 0-0 6. Bg2 Re8 7. Nd2 d5 8. Ne2 Bg4 9. 0-0 Qd7 10. e4 d4 11. c4 dxc3 12. Bxc3 Qxd3 13. Re1 Bxe2 14. Qxe2 Qxc3 15. Nc4 Rad8 16. Rec1 Qd3 17. Qxd3 Rxd3 18. Nb2 Rd4 19. f3 Ba3 20. Rab1 Rd2 0-1

[Event "ESP-ch FEDC 27th"]
[Site "Almunecar"]
[Date "2018.11.29"]
[Round "4"]
[White "Sanchez Ruiz, Piedad Esmeralda"]
[Black "Munoz Perez, Javier C"]
[Result "1/2-1/2"]
[WhiteElo "1685"]
[BlackElo "1545"]
[PlyCount "47"]
[EventDate "2018.11.26"]
[EventType "swiss"]
[EventRounds "8"]
[EventCountry "ESP"]
[SourceTitle "EXT 2024"]
[Source "ChessBase"]
[SourceDate "2023.10.10"]
[SourceVersion "1"]
[SourceVersionDate "2023.10.10"]
[SourceQuality "1"]

1. e4 d5 2. exd5 Nf6 3. d4 Bg4 4. f3 Bf5 5. c4 c6 6. d6 exd6 7. Bd3 Bxd3 8. Qxd3 d5 9. c5 Be7 10. Ne2 Na6 11. a3 Nc7 12. Nbc3 Ne6 13. 0-0 0-0 14. Ng3 Nd7 15. Nce2 b6 16. b4 Bf6 17. Rb1 a5 18. Nf5 axb4 19. axb4 bxc5 20. bxc5 Rb8 21. Be3 Qc7 22. g3 Rxb1 23. Rxb1 Rb8 24. Nd6 1/2-1/2

[Event "IBCA Wch Blind and Visually imp (Women)"]
[Site "Solec Zdroj"]
[Date "2018.08.14"]
[Round "6.7"]
[White "Jakimczuk, Alicja"]
[Black "Sanchez Ruiz, Piedad Esmeralda"]
[Result "0-1"]
[WhiteElo "1303"]
[BlackElo "1687"]
[PlyCount "132"]
[EventDate "2018.08.14"]
[EventType "swiss"]
[EventRounds "9"]
[EventCountry "POL"]
[SourceTitle "EXT 2024"]
[Source "ChessBase"]
[SourceDate "2023.10.10"]
[SourceVersion "1"]
[SourceVersionDate "2023.10.10"]
[SourceQuality "1"]

1. c4 c5 2. Nc3 Nc6 3. g3 Nf6 4. Bg2 e6 5. e3 d5 6. cxd5 exd5 7. Nge2 Be7 8. 0-0 0-0 9. d4 c4 10. a3 a6 11. Nf4 Be6 12. Nxe6 fxe6 13. Qc2 b5 14. Ne2 Qd6 15. Bd2 a5 16. Nf4 Rae8 17. Bh3 Bd8 18. Rad1 Bb6 19. Rfe1 e5 20. Ne2 e4 21. Nc3 b4 22. Nb5 Qe7 23. a4 Rf7 24. Rf1 Ref8 25. Rde1 Nd8 26. Qd1 Ne6 27. f3 exf3 28. Qxf3 Ng5 29. Qg2 Nfe4 30. Bg4 g6 31. Rxf7 Rxf7 32. Rf1 Rxf1+ 33. Kxf1 h5 34. Bd1 Qf7+ 35. Ke2 Qf5 36. Bc2 Qg4+ 37. Kf1 Qf3+ 38. Qxf3 Nxd2+ 39. Kg2 Ndxf3 40. Bxg6 h4 41. gxh4 Nxh4+ 42. Kg3 Nxg6 43. Kg4 Ne4 44. Kf5 Kf7 45. h4 Nxh4+ 46. Ke5 c3 47. bxc3 bxc3 48. Na3 Nf6 49. Kf4 Ng6+ 50. Kf5 Ne7+ 51. Kf4 Bc7+ 52. Kf3 Nc8 53. Ke2 Nb6 54. Nb5 Bd8 55. Nxc3 Be7 56. Kf3 Bb4 57. Na2 Nxa4 58. Ke2 Nc3+ 59. Nxc3 Bxc3 60. Kd3 Ne4 61. Kc2 a4 62. Kb1 Kf6 63. Ka2 Bb4 64. Kb2 Kg5 65. Kc2 Kg4 66. Kb2 Kf3 0-1

[Event "IBCA Wch Blind and Visually imp (Women)"]
[Site "Solec Zdroj"]
[Date "2018.08.14"]
[Round "7.3"]
[White "Sanchez Ruiz, Piedad Esmeralda"]
[Black "Debowska, Teresa"]
[Result "0-1"]
[WhiteElo "1687"]
[BlackElo "1760"]
[PlyCount "122"]
[EventDate "2018.08.14"]
[EventType "swiss"]
[EventRounds "9"]
[EventCountry "POL"]
[SourceTitle "EXT 2024"]
[Source "ChessBase"]
[SourceDate "2023.10.10"]
[SourceVersion "1"]
[SourceVersionDate "2023.10.10"]
[SourceQuality "1"]

1. e4 c5 2. Nf3 Nc6 3. d4 cxd4 4. Nxd4 g6 5. Nc3 Bg7 6. Be3 Nf6 7. Bc4 0-0 8. Bb3 d6 9. h3 Na5 10. 0-0 b6 11. Qd3 Bb7 12. f4 Nxb3 13. axb3 a6 14. Rae1 Rc8 15. Bd2 b5 16. Kh2 Qc7 17. b4 e5 18. fxe5 dxe5 19. Nf3 Rfd8 20. Qe2 h6 21. Rf2 Nh5 22. g3 Rd4 23. Nh4 Qe7 24. Ng2 Nf6 25. Qf1 Nxe4 26. Nxe4 Rxe4 27. Rxe4 Bxe4 28. Bc3 Bd5 29. Ne3 Be6 30. Qe2 Qd7 31. h4 Rd8 32. Rf1 f5 33. Rd1 Qc7 34. Rxd8+ Qxd8 35. Ng2 Qd6 36. Qe1 Bd7 37. Qf2 Bc6 38. h5 Bxg2 39. Kxg2 Qd5+ 40. Kh2 Qe6 41. hxg6 Qxg6 42. Qe3 Qh5+ 43. Kg2 Qe8 44. Qd2 Kh7 45. Qd3 Kg6 46. Qd2 Qe6 47. Kh2 Bf6 48. Qe2 e4 49. Bxf6 Qxf6 50. c3 Kh7 51. Qe3 Kg6 52. Kh3 h5 53. Kh2 Qd6 54. Qf4 Qb6 55. Qe5 Qf2+ 56. Kh1 e3 57. Qe6+ Kg5 58. Qg8+ Kf6 59. Qf8+ Ke5 60. Qe7+ Kd5 61. Qd6+ Kxd6 0-1

[Event "ESP-ch FEDC 26th"]
[Site "Ciudad Real"]
[Date "2017.11.18"]
[Round "7.19"]
[White "Sanchez Ruiz, Piedad Esmeralda"]
[Black "Miramon Borragan, Gustavo"]
[Result "1/2-1/2"]
[WhiteElo "1718"]
[BlackElo "1591"]
[PlyCount "37"]
[EventDate "2017.11.12"]
[EventType "swiss"]
[EventRounds "8"]
[EventCountry "ESP"]
[SourceTitle "EXT 2024"]
[Source "ChessBase"]
[SourceDate "2023.10.10"]
[SourceVersion "1"]
[SourceVersionDate "2023.10.10"]
[SourceQuality "1"]

1. e4 e5 2. Nf3 Nc6 3. Bb5 d6 4. 0-0 Nf6 5. c3 a6 6. Ba4 b5 7. Bc2 Be7 8. Re1 0-0 9. h3 Re8 10. d4 Bd7 11. Nbd2 Qc8 12. Nf1 Bd8 13. Ng3 Na5 14. Nf5 Bxf5 15. exf5 e4 16. Nh2 Qxf5 17. Ng4 d5 18. Nxf6+ Bxf6 19. f3 1/2-1/2

[Event "ESP-ch FEDC 26th"]
[Site "Ciudad Real"]
[Date "2017.11.15"]
[Round "4.10"]
[White "Megias Gonzalez, Javier"]
[Black "Sanchez Ruiz, Piedad Esmeralda"]
[Result "1-0"]
[WhiteElo "1843"]
[BlackElo "1718"]
[PlyCount "45"]
[EventDate "2017.11.12"]
[EventType "swiss"]
[EventRounds "8"]
[EventCountry "ESP"]
[SourceTitle "EXT 2024"]
[Source "ChessBase"]
[SourceDate "2023.10.10"]
[SourceVersion "1"]
[SourceVersionDate "2023.10.10"]
[SourceQuality "1"]

1. e4 c5 2. Nf3 e6 3. d4 cxd4 4. Nxd4 a6 5. Nc3 Qc7 6. Bd3 Nf6 7. Qe2 d6 8. Bd2 Be7 9. 0-0 0-0 10. Kh1 b5 11. f4 Nbd7 12. Rae1 Bb7 13. e5 Nd5 14. Qe4 g6 15. Qe2 Nxc3 16. Bxc3 dxe5 17. fxe5 Nc5 18. Nb3 Nxd3 19. cxd3 Rac8 20. Rc1 Qb8 21. Bd2 Rxc1 22. Bxc1 Bd5 23. Bh6 1-0

[Event "FEDC Cup Div/1 16th"]
[Site "Cambrils"]
[Date "2015.11.22"]
[Round "1.3"]
[White "Urlezaga Mandaluniz, Jose A"]
[Black "Sanchez Ruiz, Piedad Esmeralda"]
[Result "0-1"]
[WhiteElo "1202"]
[BlackElo "1768"]
[PlyCount "32"]
[EventDate "2015.11.22"]
[EventType "team-tourn"]
[EventRounds "7"]
[EventCountry "ESP"]
[SourceTitle "CBM 169 Extra"]
[Source "ChessBase"]
[SourceDate "2015.12.18"]
[SourceVersion "1"]
[SourceVersionDate "2015.12.18"]
[SourceQuality "1"]
[WhiteTeam "Pais Vasco"]
[BlackTeam "Madrid"]
[WhiteTeamCountry "ESP"]
[BlackTeamCountry "ESP"]

1. e4 c5 2. Nf3 e6 3. d4 cxd4 4. Nxd4 a6 5. Nc3 Qc7 6. Be3 Nf6 7. Be2 b5 8. 0-0 b4 9. Ndb5 axb5 10. Nxb5 Qc6 11. Qd4 Ba6 12. Na7 Qb7 13. Bxa6 Nxa6 14. Qc4 Nxe4 15. Nb5 Rc8 16. Nd6+ Bxd6 0-1

[Event "Linares FEDC-ch 24th"]
[Site "Linares"]
[Date "2014.11.18"]
[Round "3"]
[White "Garcia Cruz, Jose Manuel"]
[Black "Sanchez Ruiz, Piedad Esmeralda"]
[Result "0-1"]
[WhiteElo "1300"]
[BlackElo "1861"]
[PlyCount "48"]
[EventDate "2014.11.16"]
[EventType "swiss"]
[EventRounds "8"]
[EventCountry "ESP"]
[SourceTitle "CBM 163 Extra"]
[Source "ChessBase"]
[SourceDate "2014.12.23"]
[SourceVersion "1"]
[SourceVersionDate "2014.12.23"]
[SourceQuality "1"]

1. d4 d5 2. c4 e6 3. Nc3 Nf6 4. Nf3 c5 5. Bg5 cxd4 6. Nxd4 Be7 7. e3 0-0 8. Qc2 a6 9. Rd1 Qa5 10. Nb3 Qc7 11. Bxf6 Bxf6 12. cxd5 exd5 13. Rxd5 Be6 14. Rd2 Nd7 15. Bd3 h6 16. Ne4 Rac8 17. Nxf6+ Nxf6 18. 0-0 Qe5 19. Qd1 Ng4 20. g3 Qh5 21. f4 Qh3 22. Re1 Rfe8 23. Bf1 Qh5 24. Rd3 Qxh2# 0-1

[Event "IBCA Wch blind (Women)"]
[Site "Belgrade"]
[Date "2013.08.26"]
[Round "5"]
[White "Sanchez Ruiz, Piedad Esmeralda"]
[Black "Zarubinskaya, Irina"]
[Result "0-1"]
[WhiteElo "1844"]
[BlackElo "1818"]
[PlyCount "116"]
[EventDate "2013.08.22"]
[EventType "swiss"]
[EventRounds "9"]
[EventCountry "SRB"]
[SourceTitle "EXT 2015"]
[Source "ChessBase"]
[SourceDate "2014.11.20"]
[SourceVersion "1"]
[SourceVersionDate "2014.11.20"]
[SourceQuality "1"]

1. e4 c5 2. Nf3 d6 3. d4 cxd4 4. Nxd4 Nf6 5. Nc3 g6 6. Bc4 Bg7 7. h3 0-0 8. Bb3 Nc6 9. Be3 Na5 10. 0-0 Nxb3 11. axb3 a6 12. Re1 b5 13. b4 Bb7 14. Qd3 Qc7 15. f3 Rac8 16. Nb3 Nd7 17. Na5 Ne5 18. Qe2 Nc4 19. Nxc4 Qxc4 20. Qxc4 Rxc4 21. Bd2 e6 22. Re2 Rxb4 23. Nd1 Rc4 24. c3 Rd8 25. Be3 d5 26. exd5 Rxd5 27. Nf2 Rc7 28. Kf1 Rcd7 29. Ke1 f5 30. Bb6 Kf7 31. Kf1 Rd2 32. Be3 Rxe2 33. Kxe2 b4 34. cxb4 Bxb2 35. Rb1 Bc3 36. Nd3 Bd4 37. Nc5 Bxc5 38. Bxc5 e5 39. Ra1 Ke6 40. Ke3 Kd5 41. Rd1+ Kc6 42. Ra1 Kb5 43. Bf8 e4 44. fxe4 Bxe4 45. Ra2 Bb7 46. g3 Rf7 47. Bd6 g5 48. h4 gxh4 49. gxh4 f4+ 50. Bxf4 Kxb4 51. Bd6+ Kb5 52. Ra1 a5 53. Bb8 Rf3+ 54. Ke2 Rh3 55. Rb1+ Ka6 56. Bc7 Rxh4 57. Rb6+ Ka7 58. Rb5 Ba6 0-1

[Event "Collado Villalba op-B 28th"]
[Site "Collado Villalba"]
[Date "2011.08.23"]
[Round "1.13"]
[White "Sanchez Ruiz, Piedad Esmeralda"]
[Black "Zea Ruiz, Elena"]
[Result "1-0"]
[WhiteElo "1869"]
[BlackElo "1612"]
[PlyCount "71"]
[EventDate "2011.08.23"]
[EventType "swiss"]
[EventRounds "9"]
[EventCountry "ESP"]
[SourceTitle "EXT 2024"]
[Source "ChessBase"]
[SourceDate "2023.10.10"]
[SourceVersion "1"]
[SourceVersionDate "2023.10.10"]
[SourceQuality "1"]

1. e4 e5 2. Nf3 d6 3. d4 Nd7 4. Nc3 c6 5. Be2 Be7 6. 0-0 Ngf6 7. h3 0-0 8. Bg5 Qc7 9. Bh4 Re8 10. Re1 b6 11. Qd2 Bb7 12. Bd3 d5 13. exd5 Nxd5 14. Bxe7 Rxe7 15. dxe5 Nxe5 16. Nxe5 Rxe5 17. Rxe5 Qxe5 18. Re1 Qf6 19. Nxd5 cxd5 20. c3 Rc8 21. Bc2 g6 22. Bb3 Rc5 23. Qe3 Kg7 24. Qe7 Qc6 25. Qe5+ Kh6 26. Qf4+ Kg7 27. Re7 d4 28. Qxf7+ Kh6 29. Qxh7+ Kg5 30. Rxb7 dxc3 31. bxc3 Rxc3 32. h4+ Kf4 33. Qf7+ Ke5 34. Re7+ Kd4 35. Qf4+ Kc5 36. Rc7 1-0

[Event "ESP-ch blind 22nd"]
[Site "Benidorm"]
[Date "2010.11.19"]
[Round "6"]
[White "Sanchez Ruiz, Piedad Esmeralda"]
[Black "Llaneras Henarejos, Miguel"]
[Result "0-1"]
[WhiteElo "1861"]
[BlackElo "1687"]
[PlyCount "38"]
[EventDate "2010.11.14"]
[EventType "swiss"]
[EventRounds "8"]
[EventCountry "ESP"]
[SourceTitle "CBM 139 Extra"]
[Source "ChessBase"]
[SourceDate "2011.01.05"]
[SourceVersion "1"]
[SourceVersionDate "2011.01.05"]
[SourceQuality "1"]

1. e4 d6 2. d4 g6 3. f4 Nf6 4. Nc3 Bg7 5. Nf3 c5 6. Bb5+ Bd7 7. e5 Ng4 8. h3 Nh6 9. Bxd7+ Nxd7 10. d5 Qa5 11. 0-0 Nf5 12. Re1 0-0 13. Qd3 Qb6 14. Qb5 Qc7 15. Bd2 dxe5 16. fxe5 Nxe5 17. Nxe5 Bxe5 18. Ne4 a6 19. Qxc5 Bd4+ 0-1

[Event "ESP-ch blind 22nd"]
[Site "Benidorm"]
[Date "2010.11.16"]
[Round "3"]
[White "Clemente Llamero, Roberto"]
[Black "Sanchez Ruiz, Piedad Esmeralda"]
[Result "1/2-1/2"]
[WhiteElo "2141"]
[BlackElo "1861"]
[PlyCount "77"]
[EventDate "2010.11.14"]
[EventType "swiss"]
[EventRounds "8"]
[EventCountry "ESP"]
[SourceTitle "CBM 139 Extra"]
[Source "ChessBase"]
[SourceDate "2011.01.05"]
[SourceVersion "1"]
[SourceVersionDate "2011.01.05"]
[SourceQuality "1"]

1. e4 c5 2. Nf3 e6 3. d4 cxd4 4. Nxd4 a6 5. c4 Nc6 6. Nc3 Bb4 7. Nxc6 dxc6 8. Qxd8+ Kxd8 9. Bd2 e5 10. 0-0-0 Ke8 11. Be2 Be6 12. a3 Ba5 13. b4 Bc7 14. Na4 Rd8 15. Bc3 Rxd1+ 16. Rxd1 Nf6 17. Nc5 Bc8 18. f3 Nd7 19. Nd3 Ke7 20. c5 Rd8 21. g3 f6 22. f4 exf4 23. gxf4 Nf8 24. Rg1 g6 25. e5 fxe5 26. fxe5 Bf5 27. Nb2 Ne6 28. h4 Nf4 29. Bc4 Nd5 30. Bd2 Kf7 31. Bg5 Re8 32. Bb3 Bxe5 33. Nc4 Kg7 34. Nd6 Bxd6 35. cxd6 h6 36. Bd2 Rd8 37. Re1 Rd7 38. Re8 Rxd6 39. Bxd5 1/2-1/2

[Event "Collado Villalba op-A 27th"]
[Site "Collado Villalba"]
[Date "2010.08.26"]
[Round "7"]
[White "Gil Fernandez, Daniel"]
[Black "Sanchez Ruiz, Piedad Esmeralda"]
[Result "1-0"]
[WhiteElo "1849"]
[BlackElo "1902"]
[PlyCount "57"]
[EventDate "2010.08.20"]
[EventType "swiss"]
[EventRounds "10"]
[EventCountry "ESP"]
[SourceTitle "CBM 138 Extra"]
[Source "ChessBase"]
[SourceDate "2010.10.29"]
[SourceVersion "1"]
[SourceVersionDate "2010.10.29"]
[SourceQuality "1"]

1. d4 d5 2. c4 e6 3. Nc3 c5 4. cxd5 exd5 5. dxc5 d4 6. Ne4 Bxc5 7. Nxc5 Qa5+ 8. Bd2 Qxc5 9. Rc1 Qf5 10. Bb4 Nc6 11. Bc5 Nge7 12. Nf3 0-0 13. Nxd4 Qf6 14. Nxc6 bxc6 15. Bxe7 Qxe7 16. Rxc6 Rd8 17. Qc2 Rb8 18. a3 a5 19. e3 Qe5 20. Ba6 Bf5 21. Qc5 Qxb2 22. 0-0 Bd7 23. Rd6 Be6 24. Rxd8+ Rxd8 25. Qxa5 Ra8 26. Rd1 g6 27. Rd8+ Rxd8 28. Qxd8+ Kg7 29. Qd4+ 1-0

[Event "ESP-chT2 Once"]
[Site "Fuengirola"]
[Date "2009.11.27"]
[Round "6.3"]
[White "Sanchez Ruiz, Piedad Esmeralda"]
[Black "Sanz Garcia, Ramon"]
[Result "1/2-1/2"]
[WhiteElo "1958"]
[BlackElo "1624"]
[PlyCount "76"]
[EventDate "2009.11.22"]
[EventType "team-tourn"]
[EventRounds "7"]
[EventCountry "ESP"]
[SourceTitle "CBM 133 Extra"]
[Source "ChessBase"]
[SourceDate "2010.01.05"]
[SourceVersion "1"]
[SourceVersionDate "2010.01.05"]
[SourceQuality "1"]

1. e4 c6 2. d4 d5 3. e5 c5 4. c3 Nc6 5. Nf3 Bg4 6. Be2 e6 7. 0-0 Qc7 8. Nbd2 cxd4 9. cxd4 Nge7 10. h3 Bf5 11. Nb3 Na5 12. Nc5 Nec6 13. Nd3 Be7 14. b3 Nb4 15. Bb2 Nxd3 16. Bxd3 Bxd3 17. Qxd3 h6 18. Rac1 Nc6 19. a3 0-0 20. b4 Qd8 21. Nh2 f6 22. exf6 Bxf6 23. Ng4 Qe8 24. f4 Rc8 25. Rce1 Rc7 26. f5 Re7 27. fxe6 Rxe6 28. Ne5 Bg5 29. Rxf8+ Qxf8 30. Rf1 Qe8 31. Kh1 Bf6 32. Qb5 Nxe5 33. Qxe8+ Rxe8 34. dxe5 Bg5 35. Rd1 Rd8 36. Bd4 b6 37. g4 Kf7 38. Kg2 Ke6 1/2-1/2